<?xml version="1.0" encoding="UTF-8"?>
<record
    xmlns:xsi="http://www.w3.org/2001/XMLSchema-instance"
    xsi:schemaLocation="http://www.loc.gov/MARC21/slim http://www.loc.gov/standards/marcxml/schema/MARC21slim.xsd"
    xmlns="http://www.loc.gov/MARC21/slim">

  <leader>01041nam a22002775a 4500</leader>
  <controlfield tag="003">OSt</controlfield>
  <controlfield tag="005">20170821150044.0</controlfield>
  <controlfield tag="008">170802s2016    ua     gr     000 0 ara d</controlfield>
  <datafield tag="017" ind1=" " ind2=" ">
    <subfield code="a">2016 / 8745</subfield>
  </datafield>
  <datafield tag="020" ind1=" " ind2=" ">
    <subfield code="a">9789770817094</subfield>
  </datafield>
  <datafield tag="040" ind1=" " ind2=" ">
    <subfield code="a">EG-ScBUE</subfield>
    <subfield code="b">ara</subfield>
    <subfield code="c">EG-ScBUE</subfield>
  </datafield>
  <datafield tag="043" ind1=" " ind2=" ">
    <subfield code="a">f-ua---</subfield>
  </datafield>
  <datafield tag="082" ind1="0" ind2="4">
    <subfield code="2">22</subfield>
    <subfield code="a">079.62</subfield>
    <subfield code="b">&#x642; &#x636; &#x627;</subfield>
  </datafield>
  <datafield tag="245" ind1="0" ind2="0">
    <subfield code="a">&#x642;&#x636;&#x627;&#x64A;&#x627; &#x627;&#x644;&#x635;&#x62D;&#x627;&#x641;&#x629; &#x648;&#x627;&#x644;&#x635;&#x62D;&#x641;&#x64A;&#x64A;&#x646; : </subfield>
    <subfield code="b">&#x623;&#x648;&#x631;&#x627;&#x642; &#x627;&#x644;&#x645;&#x624;&#x62A;&#x645;&#x631; &#x627;&#x644;&#x639;&#x627;&#x645; &#x627;&#x644;&#x62E;&#x627;&#x645;&#x633; &#x644;&#x644;&#x635;&#x62D;&#x641;&#x64A;&#x64A;&#x646;.</subfield>
  </datafield>
  <datafield tag="246" ind1="3" ind2="4">
    <subfield code="a">&#x642;&#x636;&#x627;&#x64A;&#x627; &#x627;&#x644;&#x635;&#x62D;&#x627;&#x641;&#x629; &#x648;&#x627;&#x644;&#x635;&#x62D;&#x641;&#x64A;&#x64A;&#x646; :</subfield>
    <subfield code="b">&#x623;&#x648;&#x631;&#x627;&#x642; &#x627;&#x644;&#x645;&#x624;&#x62A;&#x645;&#x631; &#x627;&#x644;&#x639;&#x627;&#x645; &#x627;&#x644;&#x62E;&#x627;&#x645;&#x633;.</subfield>
  </datafield>
  <datafield tag="260" ind1=" " ind2=" ">
    <subfield code="a">[ &#x627;&#x644;&#x642;&#x627;&#x647;&#x631;&#x629; ] :</subfield>
    <subfield code="b">&#x623;&#x62E;&#x628;&#x627;&#x631; &#x627;&#x644;&#x64A;&#x648;&#x645;&#x60C;</subfield>
    <subfield code="c">2016</subfield>
  </datafield>
  <datafield tag="300" ind1=" " ind2=" ">
    <subfield code="a">175 &#x635;. &#x61B;</subfield>
    <subfield code="c">24 &#x633;&#x645;.</subfield>
  </datafield>
  <datafield tag="490" ind1="0" ind2=" ">
    <subfield code="a">&#x646;&#x628;&#x636; &#x648;&#x637;&#x646;.</subfield>
  </datafield>
  <datafield tag="500" ind1=" " ind2=" ">
    <subfield code="a">&#x646;&#x642;&#x627;&#x628;&#x629; &#x627;&#x644;&#x635;&#x62D;&#x641;&#x64A;&#x64A;&#x646; : &#x627;&#x644;&#x64A;&#x648;&#x628;&#x64A;&#x644; &#x627;&#x644;&#x645;&#x627;&#x633;&#x64A; ( 1941/2016 ).</subfield>
  </datafield>
  <datafield tag="541" ind1=" " ind2=" ">
    <subfield code="a">&#x625;&#x647;&#x62F;&#x627;&#x621; &#x645;&#x646; &#x62F;. &#x645;&#x62D;&#x645;&#x62F; &#x634;&#x648;&#x645;&#x627;&#x646;.</subfield>
  </datafield>
  <datafield tag="590" ind1=" " ind2=" ">
    <subfield code="a">&#x62F;&#x639;&#x627;&#x621;</subfield>
  </datafield>
  <datafield tag="610" ind1="2" ind2="7">
    <subfield code="2">BUEsh</subfield>
    <subfield code="a">&#x646;&#x642;&#x627;&#x628;&#x629; &#x627;&#x644;&#x635;&#x62D;&#x641;&#x64A;&#x64A;&#x646; (&#x645;&#x635;&#x631;) </subfield>
    <subfield code="x">&#x62A;&#x627;&#x631;&#x64A;&#x62E;.</subfield>
  </datafield>
  <datafield tag="650" ind1=" " ind2="7">
    <subfield code="2">BUEsh</subfield>
    <subfield code="a">&#x627;&#x644;&#x635;&#x62D;&#x627;&#x641;&#x629;</subfield>
    <subfield code="x">&#x62A;&#x627;&#x631;&#x64A;&#x62E;</subfield>
    <subfield code="z">&#x645;&#x635;&#x631;.</subfield>
  </datafield>
  <datafield tag="653" ind1=" " ind2=" ">
    <subfield code="b">GGEN</subfield>
  </datafield>
  <datafield tag="942" ind1=" " ind2=" ">
    <subfield code="2">ddc</subfield>
  </datafield>
  <datafield tag="999" ind1=" " ind2=" ">
    <subfield code="c">25094</subfield>
    <subfield code="d">25066</subfield>
  </datafield>
  <datafield tag="952" ind1=" " ind2=" ">
    <subfield code="0">0</subfield>
    <subfield code="1">0</subfield>
    <subfield code="2">ddc</subfield>
    <subfield code="4">0</subfield>
    <subfield code="7">0</subfield>
    <subfield code="a">MAIN</subfield>
    <subfield code="b">MAIN</subfield>
    <subfield code="c">LOW</subfield>
    <subfield code="d">2017-08-02</subfield>
    <subfield code="e">Donation</subfield>
    <subfield code="o">079.62 &#x642; &#x636; &#x627;</subfield>
    <subfield code="p">000046205</subfield>
    <subfield code="r">2025-07-15 00:00:00</subfield>
    <subfield code="x">&#x625;&#x647;&#x62F;&#x627;&#x621; &#x645;&#x646; &#x62F;. &#x645;&#x62D;&#x645;&#x62F; &#x634;&#x648;&#x645;&#x627;&#x646;.</subfield>
    <subfield code="y">BB</subfield>
  </datafield>
  <datafield tag="952" ind1=" " ind2=" ">
    <subfield code="0">0</subfield>
    <subfield code="1">0</subfield>
    <subfield code="2">ddc</subfield>
    <subfield code="4">0</subfield>
    <subfield code="7">0</subfield>
    <subfield code="a">MAIN</subfield>
    <subfield code="b">MAIN</subfield>
    <subfield code="c">LOW</subfield>
    <subfield code="d">2017-08-02</subfield>
    <subfield code="e">Donation</subfield>
    <subfield code="o">079.62 &#x642; &#x636; &#x627;</subfield>
    <subfield code="p">000046204</subfield>
    <subfield code="r">2025-07-15 00:00:00</subfield>
    <subfield code="x">&#x625;&#x647;&#x62F;&#x627;&#x621; &#x645;&#x646; &#x62F;. &#x645;&#x62D;&#x645;&#x62F; &#x634;&#x648;&#x645;&#x627;&#x646;.</subfield>
    <subfield code="y">BB</subfield>
  </datafield>
</record>
